000 00470nam a2200205Ia 4500
008 170918s9999 xx 000 0 und d
020 _a9780531209271
050 _bM298 2012
100 _aMara, Wil
245 _aSoccer /
245 _cWil Mara.
260 _aNew York :
260 _bScholastic,
260 _c2012
300 _a32 pages :
300 _bcolored illustration ;
300 _c18cm.
440 _aRookie read-about sports.
500 _a240
999 _c341114
_d341114